000 00684nam a22002417a 4500
003 UA-OsUOA
001 54066
007 ta
008 20080521b un ||||| |||| 00| 0 ukr d
100 _aБезруков А. М.
090 _a347.931(470+571)
_bБ40
942 _cBK
040 _aUA-OsUOA
_brus
_cUA-OsUOA
_dUA-OsUOA
245 _aПредуциальная связь судебных актов
300 _a144 с.
955 _a1
041 _arus
080 _a347.931(470+571)
020 _a978-466-00243-0
260 _aМ.
_bВольтерс Клувер
_c2007
650 7 _a347 Цивільне право. Судовий устрій
_2UDC
999 _c340155
_d340155